| 000 | 00523nam a2200205Ia 4500 | ||
|---|---|---|---|
| 001 | b4280-27015 [5470] | ||
| 003 | IT-MiCISF | ||
| 008 | 161014s9999||||xx |||||||||||||| ||und|| | ||
| 040 |
_aIT-MiCISF _cIT-MiCISF |
||
| 041 | _ait | ||
| 100 | _aCavaglieri Rossana | ||
| 245 | 0 | _aPartorire in casa | |
| 250 | _a1a ed. | ||
| 260 |
_a Como _bRed/Studio Redazionale _c1988 |
||
| 300 | _app. 126 | ||
| 500 | _a / parto, nascita, madre, indirizzi / | ||
| 650 | _aprocreazione | ||
| 942 | _cBK | ||
| 957 | _71 | ||
| 999 |
_a27015 _bsi _g1 _c213001 _d213001 |
||